书目信息 |
| 题名: |
每天懂点销售心理策略
|
|
| 作者: | 张高峰 编著 | |
| 分册: | ||
| 出版信息: | 北京 中国纺织出版社 2017 |
|
| 页数: | 254页 | |
| 开本: | 24cm | |
| 丛书名: | ||
| 单 册: | ||
| 中图分类: | F713.55-49 | |
| 科图分类: | ||
| 主题词: | 销售--商业心理学--通俗读物 | |
| 电子资源: | ||
| ISBN: | 978-7-5180-3218-1 | |
| 000 | 00936nam0 2200229 450 | |
| 001 | 012001000631 | |
| 005 | 20140920091302.0 | |
| 010 | @a978-7-5180-3218-1@dCNY38.00 | |
| 100 | @a20170619d2017 em y0chiy50 ea | |
| 101 | 0 | @achi |
| 102 | @aCN@b110000 | |
| 105 | @ay z 000yy | |
| 106 | @ar | |
| 200 | 1 | @a每天懂点销售心理策略@9Mei Tian Dong Dian Xiao Shou Xin Li Ce Lue@f张高峰编著 |
| 210 | @a北京@c中国纺织出版社@d2017 | |
| 215 | @a254页@d24cm | |
| 330 | @a本书结合销售实战案例,详细介绍了对客户心理的洞察、分析、引导的过程,指导读者利用心理学的知识进行销售。实用的销售策略可以帮助你准确把握客户的心理状态,洞悉客户的心理需求、购买动机和心理弱点,以便对客户进行心理暗示,拉近与客户之间的心理距离,消除客户的心理防线,引导客户实现成交。 | |
| 606 | 0 | @a销售@x商业心理学@j通俗读物 |
| 690 | @aF713.55-49@v5 | |
| 701 | 0 | @a张高峰@9Zhang Gao Feng@4编著 |
| 801 | 0 | @aCN@b上海新华@c20180901 |
| 905 | @b1155140-44@dF713.55-49@e1019@f5 | |
| 每天懂点销售心理策略/张高峰编著.-北京:中国纺织出版社,2017 |
| 254页;24cm |
| ISBN 978-7-5180-3218-1:CNY38.00 |
| 本书结合销售实战案例,详细介绍了对客户心理的洞察、分析、引导的过程,指导读者利用心理学的知识进行销售。实用的销售策略可以帮助你准确把握客户的心理状态,洞悉客户的心理需求、购买动机和心理弱点,以便对客户进行心理暗示,拉近与客户之间的心理距离,消除客户的心理防线,引导客户实现成交。 |
| ● |
| 相关链接 |
|
|
|
|
正题名:每天懂点销售心理策略
索取号:F713.55-49/1019
 
预约/预借
| 序号 | 登录号 | 条形码 | 馆藏地/架位号 | 状态 | 备注 |
| 1 | 1155140 | 211551408 | 第一样本阅览室/ [索取号:F713.55-49/1019] | 在馆 | |
| 2 | 1155141 | 211551417 | 密集书库-海洋学院/ [索取号:F713.55-49/1019] | 在馆 | |
| 3 | 1155142 | 211551426 | 第一借阅区/ [索取号:F713.55-49/1019] | 在馆 | |
| 4 | 1155143 | 211551435 | 第一借阅区/ [索取号:F713.55-49/1019] | 在馆 | |
| 5 | 1155144 | 211551444 | 第一借阅区/ [索取号:F713.55-49/1019] | 在馆 |